Travelling in 1544 from Salamanca, Spain to Ciudad Real Chiapas, Mexico (Record no. 10218)

MARC details
000 -CABECERA
campo de control de longitud fija 00797nam a2200217 a 4500
001 - NÚMERO DE CONTROL
campo de control BRL_1408
005 - FECHA Y HORA DE LA ÚLTIMA TRANSACCIÓN
campo de control 20190320211205.0
008 - DATOS DE LONGITUD FIJA--INFORMACIÓN GENERAL
campo de control de longitud fija 130114s1973----u--#######---#000-0#eng-#
041 ## - CÓDIGO DE LENGUA
Código de lengua del texto/banda sonora o título independiente eng
044 ## - CÓDIGO DEL PAÍS DE LA ENTIDAD EDITORA/PRODUCTORA
Código MARC del país u
050 #4 - SIGNATURA TOPOGRÁFICA DE LA BIBLIOTECA DEL CONGRESO
Número de clasificación F1391
Número de documento/Ítem .C37 1973
100 1# - ENTRADA PRINCIPAL--NOMBRE DE PERSONA
Nombre de persona Casas, Fray Bartolome de las
Fechas asociadas al nombre 1474-1566
9 (RLIN) 8116
245 10 - MENCIÓN DE TÍTULO
Título Travelling in 1544 from Salamanca, Spain to Ciudad Real Chiapas, Mexico
Resto del título travels and trials of Fray Bartolomé de Las Casas and his Dominican Fathers
Mención de responsabilidad, etc. edited and translated by Frans Blom.
260 ## - PUBLICACIÓN, DISTRIBUCIÓN, ETC.
Lugar de publicación, distribución, etc. [Estados Unidos]
Nombre del editor, distribuidor, etc. Seweanee Review
Fecha de publicación, distribución, etc. 1973
300 ## - DESCRIPCIÓN FÍSICA
Extensión p. 569
Dimensiones 24 cm.
500 ## - NOTA GENERAL
Nota general Au1703
651 #4 - PUNTO DE ACCESO ADICIONAL DE MATERIA--NOMBRE GEOGRÁFICO
Nombre geográfico San Cristóbal de Las Casas (Chiapas)
Subdivisión general Drescripciones y viajes
9 (RLIN) 26804
700 1# - PUNTO DE ACCESO ADICIONAL--NOMBRE DE PERSONA
Nombre de persona Blom, Frans Ferdinand
Fechas asociadas al nombre 1893-1963
Término indicativo de función/relación trad.
9 (RLIN) 26786
902 ## - CATALOGADOR
Iniciales GRL
942 ## - ELEMENTOS DE PUNTO DE ACCESO ADICIONAL (KOHA)
Fuente del sistema de clasificación o colocación Library of Congress Classification
Tipo de ítem Koha Libros
Holdings
Estado de retiro Estado de pérdida Estado dañado No para préstamo Localización permanente Ubicación/localización actual Fecha de adquisición Número de inventario Total de préstamos Signatura topográfica completa Código de barras Fecha visto por última vez Precio válido a partir de Tipo de ítem Koha
El ejemplar forma parte de la colección y puede ser consultado según las políticas vigentes.       Biblioteca Centro de Estudios Ruth D. Lechuga Biblioteca Centro de Estudios Ruth D. Lechuga 13/01/2014 Au1703   F1391 .C37 1973 (Au1703) GRL01566 22/03/2019 22/03/2019 Libros